แสดงรายละเอียดบรรณานุกรม
  กลับหน้าหลัก

Brief Record : Get Marc (ISO 2709) : E-mail record : QR code ปิดหน้าต่าง
E-books : เกี่ยวกับ Collections
LEADER 00000nam 2200000uu 4500
001    206132
003     ULIBM
008    110621s2007||||th 000 0 tha d
020    978-1-4018-3718-1
060  0 WY 100 D186c 2007.
100 0  ^aDaniels, Rick RN.
245 00 ^aContemporary medical-surgical nursing./Rick Daniels, Laura Nosek, Leslie Nicoll.
260    ^aClifton Park,NY :^bThomson Delmar Learning,^c2007.
300    ^a 2,226 p. ;^bill. + CD-ROM
650  0 ^aNursing.
650  0 ^aSurgical nursing.
650  0 ^aNursing Care.
700 0  ^aNosek, Laura John.
700 0  ^aNicoll, Leslie H.
999    ^aใช้งานได้ทุกระบบ
รายการนี้ยังไม่มีแท็ก
คุณยังไม่ได้ล็อกอิน คุณสามารถมีกิจกรรมร่วมกับเว็บไซต์ได้ แต่ต้องล็อกอินก่อน ::
  ล็อกอิน
ลำดับที่ ประเภท เลขเรียก สถานที่ สถานะ
1. หนังสือทั่วไป
หนังสือทั่วไป
WY 100 D186c 2007  
  
หนังสือภาษาอังกฤษ On Shelf
  ขอยืม
   [แสดง 1/1 รายการ]

รายการใกล้เคียง
    หัวเรื่อง [Nursing.]
    หัวเรื่อง [Surgical nursing.]
    หัวเรื่อง [Nursing Care.]

BibComment


ยังไม่เคยถูกคอมเมนท์

คอมเมนท์ทรัพยากรรายการนี้
  คอมเมนท์: Contemporary med..
Bib 206132

 
 
 

 Union Library Management : ULibM
Copyright 2026. All Rights Reserved.
скачать бесплатно без регистрации порно красивый секс HD Sex Hindi sex

xxx gou

xxxx

bfxxx

xxxwww

Секса Видео

xxxx

Секса Видео

detube

geilexxx

C99 Shell

worms shell

blod xxx video
Ebony Coed Rihanna Rimes Takes A Dick In Her Young Twat priyaa indian fuck anal and pusssy hardcore indian women xxx desi hardcore fucking part 1 bengalixxxcouple